| Tag |
First Indicator |
Second Indicator |
Subfields |
| LEADER |
00000cam a2200000 a 4500 |
| 001 |
in00000007421 |
| 005 |
20151005080013.0 |
| 008 |
870702s1986 it 00000 eng d |
| 035 |
|
|
|a (OCoLC)16127346
|
| 035 |
|
|
|9 AAA1914AM
|
| 040 |
|
|
|a WRF
|c WRF
|d TXA
|d UtOrBLW
|
| 049 |
|
|
|a TXAM
|v 1 [A10981174]
|v 2 [A10981182]
|v 3 [A10981190]
|
| 050 |
|
4 |
|a SF105.3
|b .A55 1986
|
| 245 |
0 |
0 |
|a Animal genetic resources data banks /
|c [Food and Agriculture Organization of the United Nations].
|
| 264 |
|
1 |
|a Rome :
|b Food and Agriculture Organization of the United Nations,
|c 1986.
|
| 300 |
|
|
|a 3 volumes ;
|c 30 cm.
|
| 336 |
|
|
|a text
|b txt
|2 rdacontent
|
| 337 |
|
|
|a unmediated
|b n
|2 rdamedia
|
| 338 |
|
|
|a volume
|b nc
|2 rdacarrier
|
| 490 |
1 |
|
|a FAO animal production and health paper ;
|v 59
|
| 500 |
|
|
|a V. 1. Computer systems study for regional data banks -- volume 2. Descriptor lists for cattle, buffalo, pigs, sheep and goats -- volume 3. Descriptor lists for poultry.
|
| 650 |
|
0 |
|a Germplasm resources, Animal
|x Management.
|
| 650 |
|
0 |
|a Germplasm resources, Animal
|x Data processing.
|
| 650 |
|
0 |
|a Germplasm resources, Animal
|x Preservation.
|
| 650 |
|
0 |
|a Livestock
|x Breeding.
|
| 710 |
2 |
|
|a Food and Agriculture Organization of the United Nations.
|
| 830 |
|
0 |
|a FAO animal production and health paper ;
|v 59.
|
| 999 |
|
|
|a MARS
|
| 999 |
f |
f |
|s 83a518c1-af6d-3e04-9a68-b8e90cf9e3e8
|i ce43b6e2-7fa1-37d4-8f0c-417745cf9191
|t 0
|
| 952 |
f |
f |
|p ric
|a Texas A&M University
|b Rellis Campus
|c Joint Library Facility
|d Remote Storage
|t 0
|e SF105.3 .A55 1986
|h Library of Congress classification
|i unmediated -- volume
|k v.1
|m A14810981174
|
| 952 |
f |
f |
|p ric
|a Texas A&M University
|b Rellis Campus
|c Joint Library Facility
|d Remote Storage
|t 0
|e SF105.3 .A55 1986
|h Library of Congress classification
|i unmediated -- volume
|k v.3
|m A14810981190
|
| 952 |
f |
f |
|p ric
|a Texas A&M University
|b Rellis Campus
|c Joint Library Facility
|d Remote Storage
|t 0
|e SF105.3 .A55 1986
|h Library of Congress classification
|i unmediated -- volume
|k v.2
|m A14810981182
|
| 998 |
f |
f |
|a SF105.3 .A55 1986
|s v.1-v.3
|t 0
|l Remote Storage
|